| 000 | 01435nam a2200325 c 4500 | ||
|---|---|---|---|
| 003 | BLK | ||
| 005 | 20180420213530.0 | ||
| 008 | 180412b bul|||||r ||||||| ||bul|| | ||
| 010 | _aKNG00003402000 | ||
| 020 |
_a954-427-126-0 _bиздат.: Абагар - на том(ч. 1) |
||
| 040 | _aBLK | ||
| 041 |
_aBUL _cBUL |
||
| 080 |
_aЦени. Ценообразуване. Производствени разходи. Себестойност _b338.5 _x(075.8) _z338.5(075.8) |
||
| 100 | 1 |
_aПехливанов, Васил Желязков _eпърви автор _9245789 |
|
| 139 |
_aПехливанов, Васил Желязков _bП 49 |
||
| 245 | 1 | 0 |
_aЦените _bМоногр. : Ч. 1 - _cВасил Желязков Пехливанов. _nЧ. 1 _pХарактеристика, тенденции, политика |
| 257 | _aBGR | ||
| 260 |
_аВ. Търново _c1994 - |
||
| 300 | _c20 см | ||
| 380 | _a3 | ||
| 500 | _aОфс. изд. | ||
| 650 | 4 |
_aЦени и ценообразуване - учебници за ВУЗ _9244915 |
|
| 653 | _aцени | ||
| 760 | 1 |
_3- на том(ч. 1) _aПехливанов, Васил Желязков _dАбагар, 1994 _h208 с. : с табл. _tЧ. 1 Характеристика, тенденции, политика |
|
| 852 | _aЦб 180657 | ||
| 856 | 4 |
_qpdf _u |
|
| 856 | 4 |
_qpdf _u |
|
| 942 |
_cKNG _n0 |
||
| 944 |
_aCR _c15.01.2003 _kГеновева_Генчева |
||
| 944 |
_aED _c12.01.2005 _k |
||
| 999 |
_c2413 _d2413 |
||